000 00816nas a2200253 4500
001 BR0904242
003 BR-BrBNA
005 20231205113320.0
007 ta
008 230509b bl.|||p| |||| 00| 00por d
040 _aBR-BrBNA
_bpor
_cBiblioteca Nacional de Agricultura
041 _a(Pt)
072 _aL10; L53
100 1 _aPaz, G.F.
100 1 _aLeite, R.C.
100 1 _aRocha, M.A.
245 1 _aAssociação entre sorologia para Neospora caninum e taxa de prenhez em vacas receptoras de embriões
650 _aBOVINO
650 _aTRANSFERÊNCIA DE EMBRIÃO
650 _aPRENHEZ
773 0 _tArquivo Brasileiro de Medicina Veterinária e Zootecnia (Brazil)
_xISSN 0102-0935
_g(Oct 2007), v. 59(5) p. 1323-1325
_wBR0904242
909 _a202311
_bLúcia
_c55
_dLúcia Elande
942 _2AGRIS
_n0
_cANA
999 _c203080
_d203080